01274nam a2200361Ia 4500001000900000003000500009005001700014008004100031010001100072020003800083040000900121082001700130090001100147100003000158245009700188250001100285260004200296300001900338500004700357503000800404590002100412650002400433650002200457700003400479700003100513901001700544902000600561905006300567942001500630999001900645952012400664952012400788dia_4503CHAP20251023170515.0220117s2007 xx 000 0 und d a175164 a978-970-686-912-2 \ 970-686-914-X cCHAP a330 M36 2007 a330 M3 aMankiw, N. Gregory970496 aPrincipios de economía /c Gregory N. Mankiw ; traducción Esther Rabasco y Luis Tohoria a4a ed. aMéxico :b Cengage Learning,c2007 axxviii, 629 p. aTítulo original: Principles of economics aC/e aHB171.5 M36 2007 aEconomía 935226 aEconomics9147376 aRabasco, Esther, tr. 9147515 aTohoria, Luis, tr.9156057 a330 M36 2007 aM a5232272007 MX mn 8222223322SPA16 cLIBRO2ddc c175164d175164 00102ddc40708GRALaIA_bIA_c1d2022-01-18f1l4pdia_006297r2025-04-07 17:59:59s2025-04-07t2w2022-01-18yLIBRO 00102ddc40708GRALaIA_bIA_c1d2022-01-18f1l1pdia_006296r2024-08-06 18:52:20s2024-08-06t1w2022-01-18yLIBRO